000 01176nam a2200349 c 4500
001 58631
003 CO-BoRNBP
005 20250827152421.0
007 ta
008 210823s2015 ck a jr 000 jdspa d
020 _a9789582011581
040 _aCO-BoRNBP
_bspa
_erda
_cCO-BoRNBP
041 0 _aspa
084 _aN
100 _aAyarza, Emilia,
_d1919-1966
_eaut
_963709
245 1 0 _aDiario de una mosca /
_cEmilia Ayarza ; ilustrado por Federico Neira.
250 _aPrimera edición
264 1 _aBogotá, Colombia :
_bCooperativa Editorial Magisterio,
_c2015
300 _a93 páginas :
_bilustraciones
336 _atexto
_btxt
_2rdacontent
337 _asin mediación
_bn
_2rdamedia
338 _avolumen
_bnc
_2rdacarrier
490 0 _aOso de anteojos
521 _aRecomendado para un público mayor de 12 años
545 _aIncluye datos biográficos del autor al final del texto
650 0 4 _aCuentos juveniles colombianos
_ySiglo XX
_2LEMB
_963244
650 0 4 _aLiteratura juvenil Colombiana
_ySiglo XX
_2LEMB
_91585
650 0 7 _aMoscas
_vCuentos
_2lemb
_963710
655 _aCuentos
_943875
700 _aNeira, Federico
_eill
_963711
942 _2loc
_cBKLIT
999 _c58631
_d58631